The romance and drama of the rubber industry (Record no. 75093)

MARC details
000 -LEADER
fixed length control field 00367nam a22001337a 4500
020 ## - INTERNATIONAL STANDARD BOOK NUMBER
ISBN 978-125 8360 740
082 ## - DEWEY DECIMAL CLASSIFICATION NUMBER
Classification number NR:338.45
Item number FIR
100 ## - MAIN ENTRY--AUTHOR NAME
Personal name FIRESTONE, Harvey Samuel
245 ## - TITLE STATEMENT
Title The romance and drama of the rubber industry
260 ## - PUBLICATION, DISTRIBUTION, ETC. (IMPRINT)
Place of publication USA
Name of publisher The Firestone Tire and Rubber Co.
Year of publication 1932
300 ## - PHYSICAL DESCRIPTION
Number of Pages 135p.
650 ## - SUBJECT ADDED ENTRY--TOPICAL TERM
Topical Term Rubber stoy
-- Rubber history
942 ## - ADDED ENTRY ELEMENTS (KOHA)
Koha item type Books

No items available.